00658 2200241 4500001002100000005001700021008004100038020001800079035002400097082001100121090001800132100002600150245005800176260004200234300002800276650004100304850001500345980001100360985000600371986000900377999001500386999001500401YOGYA-0209000002489720090227023914.0 ind  a979-511-183-3 0010-020900000024897 a006.69 a006.69bSun P aSUNGGIARDI, Michael S aPetunjuk penggunaan corel drawcMichael S. Sunggiardi aJakartabGramedia Pustaka Utamac1994 aix, 93 hlmbilusc21 cm aCorel Draw (Program komputer Grafis) aYOPDYOG(B) a111206 a2 adewi a06A0015938 a06A0015939